000 00653 a2200229 4500
003 OSt
005 20180116182811.0
008 160615b xxu||||| |||| 00| 0 eng d
020 _a0256022607
020 _a9780256022605
040 _a1
_c1
100 1 _aZikmund G.William.
245 1 0 _aBusiness research methods /
_cWilliam G. Zikmund
250 _a7 th edition
260 _aindia edition :
_bthomson.
_c2003.
300 _a748 p. ;
_c23 cm.
490 1 _aThe irwin series in information and decision sciences.
500 _apaperback.
856 4 0 _3Amazon.com
856 4 0 _3Amazon customer reviews
942 _aNBS
_cBK
_k658.403072 ZIK
_2ddc
999 _c346256
_d346256